Normale Ansicht MARC-Ansicht ISBD

Viele Unfälle wegen Glatteis (Titelsatznr. 374209)

[ MARC ]
MARC-Details
000 -Satzkennung
Kontrollfeld mit fester Länge 00617nab a2200181 4500
001 - Kontrollnummer
Kontrollfeld 244442
003 - Kontrollnummer Identifier
Kontrollfeld OSt
005 - Datum und Zeit der letzten Transaktion
Kontrollfeld 20260115142134.0
007 - Feld mit fester Länge zur physischen Beschreibung - Allgemeine Information
Kontrollfeld mit fester Länge tu
008 - Feld mit fester Länge zur physischen Beschreibung - Allgemeine Angaben
Kontrollfeld mit fester Länge 260115s2020|||||||
040 ## - Katalogisierungsquelle
Original-Katalogisierungsstelle DE-2950
Übertragungsstelle DE-2950
245 00 - Titel
Titel Viele Unfälle wegen Glatteis
Zusatz zum Titel Winter. Gefrierender Regen verwandelte Wege und Straßen in Frankfurt am Dienstag in Rutschbahnen. Busse fuhren nicht, viele Schüler blieben zu Hause/
Verfasserangabe etc. tme, nbu, thg
264 ## - Produktion, Veröffentlichung, Distribution, Herstellung und Urheberrechtsvermerk
Datum der Herstellung, der Veröffentlichung, des Vertriebs oder des Urheberschutzvermerks 2025
653 ## - Indexierungsterm - Nicht normiert
Nicht-normierter Term Frankfurt (Oder)
653 ## - Indexierungsterm - Nicht normiert
Nicht-normierter Term Glatteis
773 0# - Übergeordnete Einheit
Verknüpfungsangaben 37. Jahrgang (2026) Nr. 11 vom 14.01.2026 , S. 13 mit Foto
Titel Märkische Oderzeitung
942 ## - Zusätzliche Felder (Koha)
Klassifikation oder Aufstellungssystematik Andere/Generische Klassifikation
Koha-Medientyp Aufsätze

Keine Exemplare verfügbar.